Films code-barres #1 - Statistiques

Statistiques générales
  • Ce quiz a été pris 11 fois
  • Le résultat moyen est 3 sur 10
Statistiques - réponses
Par images Hint Réponse % Correct
(2009) Avatar
89%
(1999) Matrix
67%
(2017) Blade Runner 2049
33%
(1975) Les Dents de la mer
33%
(2015) Mad Max : Fury Road
33%
(2004) Harry Potter et le Prisonnier d'Azkaban
22%
(2014) The Grand Budapest Hotel
22%
(2006) 300
11%
(2002) Le Seigneur des anneaux : Les Deux Tours
11%
(2015) Seul sur Mars
11%
Aucun quiz correspondant
Distribution des résultats
% des personnes avec chaque résultat
Percentile par nombre de réponses
Votre historique - résultats
Vous n’avez pas pris ce quiz